000 00618nam a2200205 4500
003 OSt
005 20240723073617.0
006 a
008 240723b |||||||| |||| 00| 0 eng d
020 _a9710489756
040 _aDWCL-Main lib.
_cOC
082 _22010 revised edition
_aFil. 657 V173p 2010
100 _aValix, Conrado T.
245 _aPractical accounting 1 /
250 _a2010 revised edition
260 _aManila :
_bGIC Enterprises & Co., Inc.,
_cc2010.
300 _b1235 p. ;
_c22 cm.
650 _a1. Accounting - Problems, exercises, etc.
942 _2ddc
_n0
_cBK - FIL
_e2010 revised edition
_kFil.
999 _c2613
_d2613